000 00636nam a2200277Ia 4500
005 20260324150854.0
008 008 260324s9999 xx 000 0 eng d
020 _a9781003557449
037 _aEBOOK
040 _aCRL
040 _beng
040 _cCRL
041 _2eng
041 _aeng
084 _qCRL
100 _aF. E. Pollard
_91227916
245 0 _aReligion, Morals and the Intellect
260 _bTaylor and Francis
260 _c1932
365 _a
365 _b110
856 _uhttp://www.taylorfrancis.com/books/9781003557449
942 _cEBOOK
999 _c1838116
_d1838116